| 000 | 00465nam a2200193Ia 4500 | ||
|---|---|---|---|
| 008 | 170918s9999 xx 000 0 und d | ||
| 020 | _a9780439576888 | ||
| 050 | _bG141 2002 | ||
| 100 | _aGaiman, Neil | ||
| 245 | _aCoraline / | ||
| 245 | _cNeil Gaiman ; illustrated by Dave McKean. | ||
| 260 | _aNew York : | ||
| 260 | _bScholastic, | ||
| 260 | _c2002 | ||
| 300 | _a162 pages : | ||
| 300 | _bcolored illustration ; | ||
| 300 | _c19cm. | ||
| 500 | _a740 | ||
| 999 |
_c342008 _d342008 |
||